[Event "Thessaloniki-Chalkidiki-ch U16"]
[Site "Thessaloniki"]
[Date "2022.04.17"]
[Round "2"]
[White "Moschopoulos, Aristeidis"]
[Black "Theodoridis, Georgios St"]
[Result "1-0"]
[WhiteElo "1066"]
[BlackElo "1087"]
[PlyCount "117"]
[EventDate "2022.04.15"]
[EventType "swiss"]
[EventRounds "5"]
[EventCountry "GRE"]
[SourceTitle "EXT 2024"]
[Source "ChessBase"]
[SourceDate "2023.10.10"]
[SourceVersion "1"]
[SourceVersionDate "2023.10.10"]
[SourceQuality "1"]

1. d4 d5 2. c4 e6 3. Nc3 Nf6 4. cxd5 exd5 5. Bg5 Be7 6. e3 0-0 7. Nf3 Bg4 8. Be2 Nbd7 9. 0-0 c6 10. Rc1 a6 11. h3 Bh5 12. Re1 Re8 13. Nd2 Bxe2 14. Nxe2 Qc7 15. Ng3 h6 16. Bf4 Bd6 17. Bxd6 Qxd6 18. Nb3 Qe6 19. Rc3 Ne4 20. Nxe4 Qxe4 21. Qd3 Qxd3 22. Rxd3 a5 23. Rc1 a4 24. Nd2 Ra5 25. b4 axb3 26. Rxb3 Ra7 27. a3 Rc8 28. Rcb1 b5 29. Rc1 Nb6 30. Rbc3 Nc4 31. Nxc4 bxc4 32. e4 Rca8 33. exd5 cxd5 34. Ra1 Rb7 35. Re3 Rb3 36. Re5 c3 37. Rxd5 Rc8 38. Rc1 c2 39. Re5 Rb1 40. Ree1 Rcb8 41. Kh2 Rxc1 42. Rxc1 Rc8 43. Kg3 Kf8 44. Kf3 Ke7 45. Ke3 Rc3+ 46. Kd2 Rxa3 47. Rxc2 Ra7 48. Rc3 Kd6 49. Rd3 Ra4 50. Ke3 Kd5 51. Kf4 Rxd4+ 52. Rxd4+ Kxd4 53. Kf5 Kd3 54. g4 Ke2 55. f4 Kf3 56. g5 hxg5 57. Kxg5 Kg3 58. h4 f6+ 59. Kg6 1-0

[Event "Thessaloniki-Chalkidiki-chT B local"]
[Site "Thessaloniki"]
[Date "2019.03.03"]
[Round "7.8"]
[White "Nikolaou, Theodoros"]
[Black "Theodoridis, Georgios St"]
[Result "0-1"]
[WhiteElo "1234"]
[BlackElo "1067"]
[PlyCount "104"]
[EventDate "2019.01.13"]
[EventType "team-swiss"]
[EventRounds "9"]
[EventCountry "GRE"]
[SourceTitle "EXT 2020"]
[Source "ChessBase"]
[SourceDate "2019.10.17"]
[SourceVersion "1"]
[SourceVersionDate "2019.10.17"]
[SourceQuality "1"]

1. d4 d5 2. Nf3 Nf6 3. Bf4 Bg4 4. e3 e6 5. Bd3 Bd6 6. Bg3 Bxg3 7. hxg3 Qd6 8. Nbd2 Nbd7 9. c3 0-0-0 10. Rc1 e5 11. dxe5 Nxe5 12. Be2 Nxf3+ 13. Nxf3 Rhe8 14. Ng5 Bxe2 15. Nxf7 Bxd1 16. Nxd6+ Rxd6 17. Rxd1 Rb6 18. Rb1 Re5 19. 0-0 Ne4 20. Rfd1 Rf5 21. g4 Rxf2 22. Rxd5 Rbxb2 23. Rxb2 Rxb2 24. Re5 Nxc3 25. Re7 Re2 26. Rxg7 Rxe3 27. Rxh7 Nxa2 28. g5 Rg3 29. Rg7 Nc3 30. Kh2 Ne4 31. g6 Rg5 32. Rg8+ Kd7 33. g7 Ke7 34. Rb8 Rxg7 35. Rxb7 Kd6 36. Rxa7 Rg5 37. Ra4 Nc5 38. Ra1 Ne6 39. Kg1 Nf4 40. Rd1+ Rd5 41. Rf1 Rf5 42. Kh2 Ke6 43. Rf3 Ng6 44. Re3+ Re5 45. Rg3 Nf4 46. Rf3 Rf5 47. Re3+ Re5 48. Rf3 Rf5 49. Re3+ Kf6 50. Rf3 Kg6 51. Kh1 Ne2 52. Re3 Rh5+ 0-1